| 000 | 00731nam a2200253 i 4500 | ||
|---|---|---|---|
| 001 | 18664 | ||
| 003 | ES-MaACL | ||
| 005 | 20240527160107.0 | ||
| 007 | t| | ||
| 008 | 020225s1997 sp ||||0| spa j | ||
| 020 | _a84-88306-32-6 | ||
| 040 |
_aM-BN _bspa _cM-BN |
||
| 080 | _a341.176(4-672 UE) | ||
| 245 | 0 | 4 |
_aLos dos pilares de la Unión Europea / _cAbel Matutes... [et al.]. |
| 260 |
_aMadrid : _bFundación Cánovas del Castillo, _c[1997] |
||
| 300 |
_a399 p ; _c21 cm. |
||
| 490 | 1 | _aVeintiuno | |
| 610 | 2 | 0 |
_a _9236698 |
| 700 | 1 |
_aMatutes, Abel. _979168 |
|
| 710 | 2 |
_aFundación Cánovas del Castillo. _94244 |
|
| 830 | 0 |
_aVeintiuno _9180481 |
|
| 852 |
_aES-MaACL _jL-25242 _bR.130722 |
||
| 999 |
_c18664 _d18664 |
||